000 00261nam a22001217a 4500
041 _aENG
100 _aBallaney
245 _aTheory Of Machines And Mechanisms
260 _aDelhi
_bKhanna,Pub
_c2013
300 _a1348
650 _aFMP
856 _uFMP ( 16 )
999 _c1384
_d1384